Webová aplikácia pre predmet PPI

Saved in:
Bibliographic Details
Main Author: Macala, Alex (Author)
Other Authors: Krištofík, Štefan (Thesis advisor)
Format: Manuscript Book
Language:Slovak
Published: 2023
Subjects:
Online Access:http://is.stuba.sk/zp/portal_zp.pl?podrobnosti=162698
Tags: Add Tag
No Tags, Be the first to tag this record!

MARC

LEADER 00000ntm a22000003a 4500
001 stuzp92462
003 SK-STU
005 20230909213241.5
007 ta
008 150427s2015----xo-----f-mn---000-0-slo-d
040 |a STU  |b slo 
041 0 |a slo 
100 1 |a Macala, Alex  |u 070400  |4 aut  |U FIIT Fakulta informatiky a informačných technológií  |T FIIT Ústav počítačového inžinierstva a aplikovanej informatiky  |X 110844  |U I400  |Y 672  |7 110844 
242 0 1 |a Web application for the subject PPI  |y eng 
245 1 0 |a Webová aplikácia pre predmet PPI 
260 |c 2023 
650 4 |a PPI  |2 slo 
650 4 |a logické obvody  |2 slo 
650 4 |a webová aplikácia  |2 slo 
650 4 |a PPI  |2 eng 
650 4 |a logic circuits  |2 eng 
650 4 |a web application  |2 eng 
700 1 |a Krištofík, Štefan  |u 070400  |k Z8  |4 ths  |U FIIT Fakulta informatiky a informačných technológií  |T FIIT Ústav počítačového inžinierstva a aplikovanej informatiky  |X 24559  |U I400  |Y 672  |7 A000024559 
856 4 |u http://is.stuba.sk/zp/portal_zp.pl?podrobnosti=162698